Events By Decade With Photos - Statistics

General Stats
  • This quiz has been taken 70 times
  • The average score is 14 of 16
Answer Stats
Picture Hint Answer % Correct
Titanic Sinks 1910s
100%
Majority of Great Depression Years 1930s
97%
Beginning of Prohibition 1920s
95%
James Dean Dies 1950s
95%
MLK "I Have A Dream" Speech 1960s
95%
The First Flight by Orville Wright 1900s
94%
The Holocaust 1940s
94%
Nixon Resigns 1970s
94%
September 11 Attacks 2000s
94%
INF Treaty Signed 1980s
92%
First Mammal Cloned 1990s
85%
The Emancipation Proclamation Signed 1860s
83%
Arab Spring Happens 2010s
80%
Yosemite Becomes a National Park 1890s
74%
Henry Morton Stanley Locates David Livingstone in Africa 1870s
71%
The American Red Cross is Incorporated 1880s
66%
No matching quizzes found
Score Distribution
Percent of People with Each Score
Percentile by Number Answered
Your Score History
You have not taken this quiz